000 01478cam a2200373 a 4500
001 15878678
005 20170105102852.0
008 090824s2009 enk b 001 0 eng d
010 _a 2009464683
015 _aGBA8C5964
_2bnb
016 7 _a014793847
_2Uk
020 _a9780230577404 (pbk.)
020 _a0230577407 (pbk.)
020 _a9780333443408
020 _a0333443403
035 _a(OCoLC)ocn269433712
040 _aUKM
_cUKM
_dBTCTA
_dBWKUK
_dYDXCP
_dBWK
_dBWX
_dCDX
_dDLC
042 _aukblcatcopy
_alccopycat
050 0 0 _aPR6052.A6485
_bZ86 2009
082 0 0 _a823.914
_222
100 1 _aRabey, David Ian,
_d1958-
245 1 0 _aHoward Barker, politics and desire :
_ban expository study of his drama and poetry, 1969-87 /
_cDavid Ian Rabey.
260 _aBasingstoke ;
_aNew York :
_bPalgrave Macmillan,
_c2009.
300 _axviii, 302 p. ;
_c22 cm.
500 _aPrevious ed.: Basingstoke: Macmillan, 1989.
504 _aIncludes bibliographical references (p. 293-299) and index.
600 1 0 _aBarker, Howard,
_d1946-
_vCriticism and interpretation.
650 0 _aPolitics and literature
_zGreat Britain
_xHistory
_y20th century.
650 0 _aPolitical plays, English
_vHistory and criticism.
650 0 _aPolitical poetry, English
_vHistory and criticism.
906 _a7
_bcbc
_ccopycat
_d2
_encip
_f20
_gy-gencatlg
942 _2ddc
_cBK
999 _c14318
_d14318